[Event "NATO-ch 33rd"]
[Site "Portoroz"]
[Date "2023.09.07"]
[Round "5"]
[White "Kedzierski, Slawomir"]
[Black "Pedersen, Finn"]
[Result "0-1"]
[WhiteElo "2021"]
[BlackElo "2266"]
[PlyCount "124"]
[EventDate "2023.09.04"]
[EventType "swiss"]
[EventRounds "7"]
[EventCountry "SLO"]
[SourceTitle "EXT 2024"]
[Source "ChessBase"]
[SourceDate "2023.10.10"]
[SourceVersion "1"]
[SourceVersionDate "2023.10.10"]
[SourceQuality "1"]

1. d4 d5 2. Nf3 c6 3. c4 Nf6 4. Nc3 dxc4 5. a4 Bf5 6. e3 e6 7. Bxc4 Bb4 8. 0-0 0-0 9. Qe2 Ne4 10. Nxe4 Bxe4 11. Rd1 Nd7 12. Bd2 Qa5 13. Ne1 Rfd8 14. Nd3 Bxd3 15. Bxd3 Bxd2 16. Qxd2 Qxd2 17. Rxd2 a5 18. Kf1 Nb6 19. Ke2 Nd5 20. Rc1 Kf8 21. Bc4 Nb4 22. f4 Ke7 23. g4 h6 24. e4 g5 25. Rf1 c5 26. dxc5 Rxd2+ 27. Kxd2 Rc8 28. f5 Rxc5 29. b3 Nc6 30. Be2 exf5 31. exf5 f6 32. Rh1 Kd6 33. h4 Nd4 34. Bd1 b5 35. axb5 Rxb5 36. hxg5 hxg5 37. Kc3 Nc6 38. Rh8 Rc5+ 39. Kd2 Rd5+ 40. Kc2 Ke5 41. Rh6 Nb4+ 42. Kc1 Nd3+ 43. Kc2 Nf2 44. Bf3 Rc5+ 45. Kd2 Kf4 46. Be2 Re5 47. Rg6 Nxg4 48. Bxg4 Kxg4 49. Rxf6 Rxf5 50. Rb6 Re5 51. Kd3 Kf4 52. b4 axb4 53. Rxb4+ Kf3 54. Kd2 Kf2 55. Rd4 Re8 56. Kd3 Kf3 57. Rd7 Rf8 58. Kd2 Kf2 59. Rd4 Rf4 60. Rd8 g4 61. Rg8 g3 62. Kd3 g2 0-1

[Event "NATO-ch 33rd"]
[Site "Portoroz"]
[Date "2023.09.07"]
[Round "6"]
[White "Pedersen, Finn"]
[Black "Van Drie, Rik"]
[Result "1-0"]
[WhiteElo "2266"]
[BlackElo "2058"]
[PlyCount "83"]
[EventDate "2023.09.04"]
[EventType "swiss"]
[EventRounds "7"]
[EventCountry "SLO"]
[SourceTitle "EXT 2024"]
[Source "ChessBase"]
[SourceDate "2023.10.10"]
[SourceVersion "1"]
[SourceVersionDate "2023.10.10"]
[SourceQuality "1"]

1. Nf3 c5 2. e3 Nc6 3. d4 cxd4 4. exd4 d5 5. Bd3 Nf6 6. h3 e6 7. 0-0 Bd6 8. c3 h6 9. Re1 Qc7 10. Qe2 0-0 11. Nbd2 Re8 12. Ne5 Bxe5 13. dxe5 Nd7 14. f4 b6 15. Qh5 Nf8 16. Re3 Ne7 17. Nb3 Nf5 18. Bxf5 exf5 19. Nd4 Ne6 20. Nb5 Qe7 21. Qf3 Bb7 22. Qf2 Nc5 23. Nd4 g6 24. g4 Ne4 25. Qg2 fxg4 26. hxg4 Qf8 27. Rh3 Kh7 28. Be3 Re7 29. Rf1 Rae8 30. Rff3 f5 31. exf6 Nxf6 32. f5 g5 33. Bxg5 Re1+ 34. Kh2 R8e4 35. Bxh6 Qe8 36. Bg5+ Kg7 37. Bxf6+ Kxf6 38. g5+ Ke7 39. Rh7+ Kd8 40. Qg3 R4e2+ 41. Nxe2 Rxe2+ 42. Kh3 1-0

[Event "NATO-ch 33rd"]
[Site "Portoroz"]
[Date "2023.09.05"]
[Round "2"]
[White "Pedersen, Finn"]
[Black "Onley, David E"]
[Result "1/2-1/2"]
[WhiteElo "2266"]
[BlackElo "2026"]
[PlyCount "134"]
[EventDate "2023.09.04"]
[EventType "swiss"]
[EventRounds "7"]
[EventCountry "SLO"]
[SourceTitle "EXT 2024"]
[Source "ChessBase"]
[SourceDate "2023.10.10"]
[SourceVersion "1"]
[SourceVersionDate "2023.10.10"]
[SourceQuality "1"]

1. Nf3 f5 2. d3 Nc6 3. e4 e5 4. d4 exd4 5. exf5 Qf6 6. Bd3 Bb4+ 7. Nbd2 Nge7 8. 0-0 d5 9. a3 Bd6 10. b4 Bxf5 11. Bxf5 Nxf5 12. Re1+ Nce7 13. Nb3 0-0 14. Nbxd4 Nxd4 15. Qxd4 Qxd4 16. Nxd4 Ng6 17. Ne6 Rfe8 18. Bb2 Re7 19. Kf1 a5 20. b5 a4 21. Rad1 c6 22. c4 Rae8 23. cxd5 cxd5 24. Nd4 Rxe1+ 25. Rxe1 Rxe1+ 26. Kxe1 Nf4 27. Nf5 Bf8 28. Kd2 Nxg2 29. Nd4 Kf7 30. Ne2 Bd6 31. Nc3 Bxh2 32. Nxa4 g5 33. Nc5 b6 34. Nd7 Bc7 35. Bd4 Nf4 36. Bxb6 Ke7 37. Bxc7 Kxd7 38. Be5 h5 39. a4 h4 40. a5 h3 41. a6 h2 42. a7 h1Q 43. a8Q Qe4 44. Qc6+ Ke7 45. Qf6+ Ke8 46. Qh8+ Ke7 47. Qg7+ Ke8 48. Qg8+ Kd7 49. Qf7+ Kd8 50. Qc7+ Ke8 51. Bxf4 gxf4 52. b6 Qd4+ 53. Kc1 Qa1+ 54. Kc2 Qa2+ 55. Kc3 d4+ 56. Kxd4 Qxf2+ 57. Ke4 Qg2+ 58. Kf5 Qh3+ 59. Ke4 Qe3+ 60. Kd5 Qd3+ 61. Ke6 Qe4+ 62. Kf6 Qd4+ 63. Kg6 Qd3+ 64. Kg5 Qd8+ 65. Kxf4 Qxc7+ 66. bxc7 Kd7 67. c8Q+ Kxc8 1/2-1/2

[Event "DEN-chT 2223 60th"]
[Site "Denmark"]
[Date "2023.03.26"]
[Round "9.5"]
[White "Pedersen, Finn"]
[Black "Jakobsen, Peter"]
[Result "1/2-1/2"]
[WhiteElo "2266"]
[BlackElo "2175"]
[PlyCount "71"]
[EventDate "2022.10.29"]
[EventType "team-tourn"]
[EventRounds "9"]
[EventCountry "DEN"]
[SourceTitle "CBM 213 Extra"]
[Source "ChessBase"]
[SourceDate "2023.05.31"]
[SourceVersion "1"]
[SourceVersionDate "2023.05.31"]
[SourceQuality "1"]
[WhiteTeam "Aarhus/Skolerne"]
[BlackTeam "Nordkalotten"]
[WhiteTeamCountry "DEN"]
[BlackTeamCountry "DEN"]

1. Nf3 d5 2. d4 Nf6 3. Bf4 e6 4. e3 Bd6 5. Bg3 0-0 6. Nbd2 c5 7. c3 Qc7 8. Bxd6 Qxd6 9. Ne5 Nc6 10. f4 Nd7 11. Bd3 f5 12. Nxd7 Bxd7 13. 0-0 a6 14. Kh1 b5 15. a3 c4 16. Be2 a5 17. b3 Rab8 18. a4 Na7 19. axb5 Nxb5 20. Qc2 cxb3 21. Nxb3 Na3 22. Qa2 Nc4 23. Bxc4 dxc4 24. Nc5 Bc6 25. Qxc4 Bb5 26. Qxe6+ Qxe6 27. Nxe6 Rf6 28. Rfb1 Rxe6 29. c4 Rxe3 30. cxb5 a4 31. g3 Rb3 32. Rc1 a3 33. Kg2 R8xb5 34. Rc8+ Kf7 35. Ra8 Rd5 36. R1xa3 1/2-1/2

[Event "DEN-chT 2223 60th"]
[Site "Denmark"]
[Date "2023.03.25"]
[Round "8.5"]
[White "Bromann, Thorbjorn"]
[Black "Pedersen, Finn"]
[Result "1/2-1/2"]
[WhiteElo "2374"]
[BlackElo "2266"]
[PlyCount "98"]
[EventDate "2022.10.29"]
[EventType "team-tourn"]
[EventRounds "9"]
[EventCountry "DEN"]
[SourceTitle "CBM 213 Extra"]
[Source "ChessBase"]
[SourceDate "2023.05.31"]
[SourceVersion "1"]
[SourceVersionDate "2023.05.31"]
[SourceQuality "1"]
[WhiteTeam "Bronshoj"]
[BlackTeam "Aarhus/Skolerne"]
[WhiteTeamCountry "DEN"]
[BlackTeamCountry "DEN"]

1. d4 d5 2. Bg5 h6 3. Bh4 c6 4. Nf3 Qb6 5. Qc1 Bg4 6. Nbd2 Nd7 7. e3 e6 8. c4 Bxf3 9. Nxf3 Bb4+ 10. Nd2 Ngf6 11. a3 Bxd2+ 12. Qxd2 g5 13. Bg3 Ne4 14. Qc2 h5 15. cxd5 exd5 16. Bd3 0-0-0 17. Bxe4 dxe4 18. Qxe4 Rhe8 19. Qd3 Qa5+ 20. b4 Qd5 21. h4 Qxg2 22. 0-0-0 g4 23. b5 Re6 24. Kb2 Qd5 25. bxc6 Rxc6 26. Rc1 Nc5 27. Qc2 Ne4 28. Qa4 Nxg3 29. fxg3 Kb8 30. Rxc6 Qxh1 31. Qa5 bxc6 32. Qxd8+ Kb7 33. Qe7+ Ka6 34. Qxf7 Qg2+ 35. Kb3 Qxg3 36. Qc4+ Kb7 37. Qb4+ Ka8 38. Qe7 Qb8+ 39. Kc2 Qg8 40. Qe4 Qc4+ 41. Kd2 Qa2+ 42. Ke1 Qd5 43. Qe7 Kb8 44. Qf8+ Kb7 45. Kf2 a5 46. a4 Kc7 47. Qf4+ Kb7 48. Qf8 Kc7 49. Qf4+ Kb7 1/2-1/2

[Event "DEN-chT 2223 60th"]
[Site "Denmark"]
[Date "2023.03.05"]
[Round "7.4"]
[White "Lauridsen, Jesper Morch"]
[Black "Pedersen, Finn"]
[Result "1-0"]
[WhiteElo "2221"]
[BlackElo "2266"]
[PlyCount "45"]
[EventDate "2022.10.29"]
[EventType "team-tourn"]
[EventRounds "9"]
[EventCountry "DEN"]
[SourceTitle "CBM 213 Extra"]
[Source "ChessBase"]
[SourceDate "2023.05.31"]
[SourceVersion "1"]
[SourceVersionDate "2023.05.31"]
[SourceQuality "1"]
[WhiteTeam "Copenhagen 68"]
[BlackTeam "Aarhus/Skolerne"]
[WhiteTeamCountry "DEN"]
[BlackTeamCountry "DEN"]

1. e4 c6 2. d4 d5 3. exd5 cxd5 4. c4 Nf6 5. Nc3 e6 6. Nf3 Be7 7. cxd5 Nxd5 8. Bd3 0-0 9. 0-0 Nc6 10. Re1 Nxc3 11. bxc3 b6 12. h4 Bb7 13. Ng5 h6 14. Nh7 Re8 15. Bxh6 gxh6 16. Qg4+ Kh8 17. Qf4 Kg7 18. Qg4+ Kh8 19. Qh5 Bf8 20. Nxf8 Qf6 21. Nd7 Qg7 22. Re3 f5 23. Rg3 1-0

[Event "DEN-chT 2223 60th"]
[Site "Denmark"]
[Date "2022.11.20"]
[Round "3.7"]
[White "Hoiberg, Nina"]
[Black "Pedersen, Finn"]
[Result "1/2-1/2"]
[WhiteElo "2144"]
[BlackElo "2266"]
[PlyCount "169"]
[EventDate "2022.10.29"]
[EventType "team-tourn"]
[EventRounds "9"]
[EventCountry "DEN"]
[SourceTitle "EXT 2024"]
[Source "ChessBase"]
[SourceDate "2023.10.10"]
[SourceVersion "1"]
[SourceVersionDate "2023.10.10"]
[SourceQuality "1"]
[WhiteTeam "Nordre"]
[BlackTeam "Aarhus/Skolerne"]
[WhiteTeamCountry "DEN"]
[BlackTeamCountry "DEN"]

1. e4 c6 2. d4 d5 3. exd5 cxd5 4. c4 Nf6 5. Nc3 e6 6. Nf3 Be7 7. c5 0-0 8. Bd3 b6 9. cxb6 Qxb6 10. 0-0 Ba6 11. a3 Bxd3 12. Qxd3 a5 13. Na4 Qb7 14. Bg5 Nbd7 15. Rfc1 h6 16. Bf4 Rfc8 17. h3 Ne4 18. Nd2 Nd6 19. Qg3 Nf5 20. Qd3 Bf6 21. Nb3 Qa7 22. Be3 Nd6 23. Nbc5 Rc6 24. Nxd7 Qxd7 25. Rxc6 Qxc6 26. Nc5 a4 27. b3 axb3 28. Qxb3 Qb5 29. Qd1 Nc4 30. a4 Qa5 31. Nd7 Qd8 32. Nxf6+ Qxf6 33. Qb3 Qd8 34. Bf4 Ra7 35. Qb8 Qxb8 36. Bxb8 Rb7 37. Bf4 g5 38. Be3 Kf8 39. h4 f6 40. hxg5 hxg5 41. Kf1 Ke7 42. g4 Kd6 43. Ke2 Kc6 44. Rh1 Rb2+ 45. Kd3 Rb3+ 46. Ke2 Nb6 47. a5 Nd7 48. Rc1+ Kd6 49. a6 Rb2+ 50. Kd3 Ra2 51. Bd2 Nb8 52. f4 gxf4 53. Bxf4+ e5 54. Bg3 Nxa6 55. g5 Nb4+ 56. Kc3 Nc6 57. dxe5+ fxe5 58. Rg1 Nd4 59. g6 Ra3+ 60. Kb2 Rb3+ 61. Ka2 Rb8 62. Re1 Nc6 63. Rf1 Rg8 64. Rf6+ Kc5 65. Re6 e4 66. Kb2 Nd8 67. Bf2+ Kc4 68. Ra6 Kd3 69. Rd6 e3 70. Bh4 Nb7 71. Rxd5+ Ke4 72. Rd7 Nc5 73. Re7+ Kf3 74. g7 Ne4 75. Kc2 e2 76. Rf7+ Ke3 77. Be1 Rc8+ 78. Kb2 Rg8 79. Kc2 Nd6 80. Re7+ Kf3 81. Kd3 Nf5 82. Rf7 Kg4 83. Kxe2 Nxg7 84. Rf1 Re8+ 85. Kd1 1/2-1/2

[Event "NATO-ch 32nd"]
[Site "Tartu"]
[Date "2022.06.29"]
[Round "4"]
[White "Papasimakopoulos, Alexandros"]
[Black "Pedersen, Finn"]
[Result "1-0"]
[WhiteElo "2259"]
[BlackElo "2300"]
[PlyCount "87"]
[EventDate "2022.06.27"]
[EventType "swiss"]
[EventRounds "7"]
[EventCountry "EST"]
[SourceTitle "CBM 209 Extra"]
[Source "ChessBase"]
[SourceDate "2022.09.30"]
[SourceVersion "1"]
[SourceVersionDate "2022.09.30"]
[SourceQuality "1"]

1. c4 c6 2. Qa4 Nf6 3. Nf3 e6 4. d4 d5 5. Bg5 Nbd7 6. Nbd2 h6 7. Bh4 Nb6 8. Qc2 Nxc4 9. Nxc4 dxc4 10. Bxf6 Bb4+ 11. Kd1 Qxf6 12. Qxc4 a5 13. e3 0-0 14. Bd3 Bd6 15. Ke2 e5 16. dxe5 Bxe5 17. Nxe5 Qxe5 18. Qc3 Qh5+ 19. f3 Re8 20. Kf2 Be6 21. a3 a4 22. Bc2 Rad8 23. h4 Bb3 24. g4 Qb5 25. Bxb3 axb3 26. Rad1 Rd5 27. Rxd5 Qxd5 28. e4 Qe6 29. Rd1 h5 30. gxh5 Qh3 31. Rg1 Qh2+ 32. Rg2 Qxh4+ 33. Ke2 f6 34. Qxb3+ Kh8 35. Qxb7 Rxe4+ 36. Kd3 Rd4+ 37. Kc2 Rd7 38. Qc8+ Kh7 39. Qxd7 Qc4+ 40. Kd2 Qf4+ 41. Ke2 Qe5+ 42. Kf1 Qb5+ 43. Kg1 Qc5+ 44. Kh1 1-0

[Event "NATO-ch 32nd"]
[Site "Tartu"]
[Date "2022.06.27"]
[Round "1"]
[White "Pedersen, Finn"]
[Black "Heran Boily, Samuel"]
[Result "1-0"]
[WhiteElo "2300"]
[BlackElo "1871"]
[PlyCount "161"]
[EventDate "2022.06.27"]
[EventType "swiss"]
[EventRounds "7"]
[EventCountry "EST"]
[SourceTitle "CBM 209 Extra"]
[Source "ChessBase"]
[SourceDate "2022.09.30"]
[SourceVersion "1"]
[SourceVersionDate "2022.09.30"]
[SourceQuality "1"]

1. Nf3 d5 2. d4 Nf6 3. Bg5 Ne4 4. Bf4 c5 5. c3 cxd4 6. cxd4 Qb6 7. Qc1 Nc6 8. e3 f6 9. h3 e5 10. dxe5 Bb4+ 11. Nc3 Qa5 12. a3 Bxc3+ 13. bxc3 Nxc3 14. Qd2 Ne4 15. Qxa5 Nxa5 16. exf6 gxf6 17. Bb5+ Nc6 18. Nd2 Bd7 19. Nxe4 dxe4 20. 0-0 Rg8 21. Bc4 Rg7 22. Bd5 f5 23. Rab1 b6 24. Rfc1 Rc8 25. Kh2 Rg6 26. g4 Rf6 27. g5 Rg6 28. h4 Ne7 29. h5 Rg7 30. Bb7 Rd8 31. Rc7 Rf7 32. Rd1 Be6 33. Rd6 Rxd6 34. Bxd6 Nd5 35. Bc6+ Kd8 36. Rxf7 Bxf7 37. Kg3 Ne7 38. Bxe7+ Kxe7 39. Kf4 Ke6 40. Bb7 Bxh5 41. Bc8+ Kd5 42. Kxf5 Bg6+ 43. Kf6 b5 44. Be6+ Kd6 45. Bf5 a5 46. Bxg6 hxg6 47. Kxg6 b4 48. axb4 axb4 49. Kf6 b3 50. g6 b2 51. g7 b1Q 52. g8Q Qb2+ 53. Kg5 Qxf2 54. Qd8+ Ke6 55. Qb6+ Ke7 56. Qb7+ Kd6 57. Qb4+ Kd7 58. Qd4+ Kc7 59. Qe5+ Kd7 60. Qd5+ Kc7 61. Qxe4 Qg3+ 62. Kf6 Qd6+ 63. Qe6 Qd3 64. Qe5+ Kd8 65. e4 Qf3+ 66. Qf5 Qc3+ 67. e5 Qd4 68. Kf7 Qa7+ 69. Kg6 Qe7 70. Qf6 Ke8 71. Qc6+ Kf8 72. Qf3+ Ke8 73. Qf6 Kd7 74. Qf7 Kd8 75. e6 Qe8 76. Kf6 Qh8+ 77. Kg5 Qe8 78. Kg6 Qe7 79. Qf6 Ke8 80. Qh8+ Qf8 81. Qxf8+ 1-0

[Event "DEN-chT 2122 59th"]
[Site "Denmark"]
[Date "2022.03.20"]
[Round "9.4"]
[White "Sylvan, Jacob"]
[Black "Pedersen, Finn"]
[Result "1/2-1/2"]
[WhiteElo "2295"]
[BlackElo "2294"]
[PlyCount "90"]
[EventDate "2021.10.30"]
[EventType "team-tourn"]
[EventRounds "9"]
[EventCountry "DEN"]
[SourceTitle "EXT 2023"]
[Source "ChessBase"]
[SourceDate "2022.10.05"]
[SourceVersion "1"]
[SourceVersionDate "2022.10.05"]
[SourceQuality "1"]
[WhiteTeam "Nordkallotten"]
[BlackTeam "Aarhus/Skolerne"]
[WhiteTeamCountry "DEN"]
[BlackTeamCountry "DEN"]

1. Nf3 d5 2. d4 Nf6 3. Bf4 e6 4. e3 Bd6 5. Bg3 0-0 6. Nbd2 c5 7. c3 Nc6 8. Bd3 b6 9. Ne5 Bb7 10. 0-0 Ne7 11. Qb1 Ng6 12. f4 Qc7 13. h3 a5 14. Rf2 c4 15. Bc2 b5 16. Ng4 Nxg4 17. hxg4 b4 18. Nf3 Rfb8 19. Bh2 Nf8 20. Ng5 h6 21. Nf3 Bc8 22. Qd1 f5 23. Ne5 a4 24. cxb4 Rxb4 25. Rb1 Rab8 26. Bxa4 Bxe5 27. fxe5 Qa5 28. Bc2 Rxb2 29. gxf5 Qc3 30. Rc1 exf5 31. Rf3 Qa5 32. a4 Ra2 33. e6 Rb7 34. Bxf5 Bxe6 35. Bc2 Qd8 36. Rb1 Rab2 37. Rxb2 Rxb2 38. Qc1 Rb7 39. Qa3 Nh7 40. a5 Nf6 41. Bd6 Ra7 42. Bb4 Bf7 43. Rf1 Ng4 44. Bd1 Qg5 45. Rf4 h5 1/2-1/2

[Event "DEN-chT 2122 59th"]
[Site "Denmark"]
[Date "2021.10.31"]
[Round "2.1"]
[White "Pedersen, Finn"]
[Black "Smith, Axel"]
[Result "1/2-1/2"]
[WhiteElo "2294"]
[BlackElo "2435"]
[PlyCount "125"]
[EventDate "2021.10.30"]
[EventType "team-tourn"]
[EventRounds "9"]
[EventCountry "DEN"]
[SourceTitle "CBM 204 Extra"]
[Source "ChessBase"]
[SourceDate "2021.11.30"]
[SourceVersion "1"]
[SourceVersionDate "2021.11.30"]
[SourceQuality "1"]
[WhiteTeam "Aarhus/Skolerne"]
[BlackTeam "Koge Xtracon"]
[WhiteTeamCountry "DEN"]
[BlackTeamCountry "DEN"]

1. Nf3 c5 2. e3 g6 3. d4 Bg7 4. Be2 Nf6 5. 0-0 0-0 6. Nbd2 d5 7. c3 Qc7 8. b4 cxd4 9. cxd4 Qc3 10. Rb1 Bf5 11. Rb3 Qc8 12. Bd3 Nc6 13. Ba3 Qe6 14. Qb1 Rfc8 15. Rc1 a6 16. Rbc3 Na7 17. Bb2 Nb5 18. Rxc8+ Rxc8 19. Ne5 Nd6 20. Nb3 b6 21. Nd2 Nfe4 22. Nxe4 Bxe4 23. Bxe4 Nxe4 24. Rc2 Nd6 25. h3 Nc4 26. Nxc4 dxc4 27. Bc3 Rd8 28. b5 a5 29. a4 Rd5 30. Qf1 Qe4 31. Rc1 e5 32. dxe5 Rd3 33. Bd4 Bxe5 34. Bxe5 Qxe5 35. Rxc4 Rd2 36. Qc1 Qd6 37. Rc8+ Kg7 38. Qa1+ Kh6 39. Rc1 Rd3 40. Qb2 Rd1+ 41. Rxd1 Qxd1+ 42. Kh2 Qxa4 43. Qe5 Qh4 44. f4 Qd8 45. g4 f6 46. Qc3 g5 47. h4 gxf4 48. exf4 Qd6 49. g5+ Kg7 50. Kg3 h6 51. gxf6+ Qxf6 52. Qc7+ Kf8 53. Qc8+ Kf7 54. Qc7+ Kf8 55. Qc8+ Kg7 56. Qc7+ Kg8 57. Qc6 Kf7 58. Qc7+ Kg8 59. Qc6 Kg7 60. Qc7+ Kh8 61. Qc6 Kg7 62. Qc7+ Kf8 63. Qc8+ 1/2-1/2

[Event "NATO-ch 31st"]
[Site "Blankenberge"]
[Date "2021.10.11"]
[Round "1.4"]
[White "Pedersen, Finn"]
[Black "Ermalis, Rytis"]
[Result "1-0"]
[WhiteElo "2294"]
[BlackElo "1931"]
[PlyCount "85"]
[EventDate "2021.10.11"]
[EventType "team-swiss"]
[EventRounds "7"]
[EventCountry "BEL"]
[SourceTitle "CBM 204 Extra"]
[Source "ChessBase"]
[SourceDate "2021.11.30"]
[SourceVersion "1"]
[SourceVersionDate "2021.11.30"]
[SourceQuality "1"]
[WhiteTeam "Denmark"]
[BlackTeam "Lithuania"]
[WhiteTeamCountry "DEN"]
[BlackTeamCountry "LTU"]

1. Nf3 Nf6 2. d4 g6 3. e3 Bg7 4. Be2 d6 5. c4 0-0 6. Nc3 Nc6 7. d5 Nb4 8. a3 Na6 9. Qc2 Nc5 10. Nd4 a5 11. b3 e6 12. dxe6 Bxe6 13. Nxe6 fxe6 14. Bb2 Qe7 15. 0-0 Nfd7 16. Rad1 Ne5 17. Nb5 Rf7 18. f4 Nc6 19. Nd4 Rb8 20. Bf3 Nd8 21. Ne2 Bxb2 22. Qxb2 Qf6 23. Qb1 Kg7 24. g3 Re7 25. Qc2 e5 26. Nc3 c6 27. b4 axb4 28. axb4 e4 29. Bg2 Nd3 30. Nxe4 Nxb4 31. Qb3 Rxe4 32. Bxe4 Na6 33. Bg2 Qe7 34. e4 Nc5 35. Qc3+ Kg8 36. Rfe1 Nf7 37. h3 g5 38. e5 dxe5 39. fxe5 Nd8 40. Qd4 Nde6 41. Qg4 Qg7 42. Be4 Rf8 43. Bf5 1-0

[Event "NATO-ch 30th"]
[Site "Berlin"]
[Date "2019.09.19"]
[Round "6.13"]
[White "Pedersen, Finn"]
[Black "Onley, David E"]
[Result "1-0"]
[WhiteElo "2305"]
[BlackElo "2103"]
[PlyCount "133"]
[EventDate "2019.09.14"]
[EventType "team-swiss"]
[EventRounds "7"]
[EventCountry "GER"]
[SourceTitle "EXT 2020"]
[Source "ChessBase"]
[SourceDate "2019.10.17"]
[SourceVersion "1"]
[SourceVersionDate "2019.10.17"]
[SourceQuality "1"]
[WhiteTeam "Denmark"]
[BlackTeam "Great Britain"]
[WhiteTeamCountry "DEN"]
[BlackTeamCountry "GBR"]

1. Nf3 Nf6 2. c4 g6 3. b3 Bg7 4. Bb2 0-0 5. g3 a5 6. Bg2 d6 7. 0-0 e5 8. Nc3 h6 9. d3 Nbd7 10. a3 Re8 11. e4 Nc5 12. b4 axb4 13. axb4 Rxa1 14. Bxa1 Na6 15. Qb1 Nh7 16. h3 Ng5 17. Kh2 c6 18. Ng1 Ne6 19. Nce2 Qb6 20. Bc3 Rf8 21. Nf3 Bd7 22. Qb2 c5 23. b5 Nb4 24. Bxb4 cxb4 25. Qxb4 Nc5 26. Qb1 Be6 27. Nh4 Ra8 28. f4 exf4 29. gxf4 Ra3 30. d4 Bxc4 31. dxc5 Qd8 32. Qb4 Bxe2 33. Qxa3 Bxf1 34. Nf3 Bxg2 35. Kxg2 dxc5 36. Qxc5 Bf8 37. Qd4 Qc8 38. Qd5 Bc5 39. Ne5 Qc7 40. Nxf7 Qxf7 41. Qxc5 Qa2+ 42. Kg3 Qb3+ 43. Kh4 Qf3 44. Qc8+ Kf7 45. Qxb7+ Kf8 46. Qc8+ Kf7 47. Qd7+ Kf8 48. Qd2 Qxe4 49. b6 Kf7 50. Kg3 Kf8 51. Qd8+ Kf7 52. Qc7+ Kg8 53. Kf2 Qd4+ 54. Ke2 Qe4+ 55. Kd2 Qd4+ 56. Kc2 Qa4+ 57. Kd3 Qb3+ 58. Kd4 Qb2+ 59. Kd5 Qg2+ 60. Kd6 Qd2+ 61. Ke7 Qe3+ 62. Kd8 Qd3+ 63. Qd7 Qa6 64. Qd5+ Kg7 65. Kc7 h5 66. b7 Qa7 67. Qb5 1-0

[Event "NATO-ch 28th"]
[Site "Budapest"]
[Date "2017.03.30"]
[Round "6"]
[White "Drabke, Lorenz Maximilian"]
[Black "Pedersen, Finn"]
[Result "0-1"]
[WhiteElo "2466"]
[BlackElo "2295"]
[PlyCount "104"]
[EventDate "2017.03.27"]
[EventType "swiss"]
[EventRounds "7"]
[EventCountry "HUN"]
[SourceTitle "CBM 177 Extra"]
[Source "ChessBase"]
[SourceDate "2017.04.27"]
[SourceVersion "1"]
[SourceVersionDate "2017.04.27"]
[SourceQuality "1"]

1. d4 d5 2. Nf3 Nf6 3. c4 c6 4. Nbd2 Bf5 5. Nh4 Bg6 6. Qb3 Qd7 7. e3 e6 8. Nxg6 hxg6 9. g3 Qc7 10. Bg2 Nbd7 11. 0-0 Be7 12. Qc3 a5 13. Qc2 Qb6 14. b3 Qa7 15. a3 0-0 16. Bb2 Rfd8 17. Rfd1 Rac8 18. b4 b6 19. c5 axb4 20. axb4 Qc7 21. Ra6 bxc5 22. bxc5 Ra8 23. Rda1 Rxa6 24. Rxa6 Qb7 25. Bf1 e5 26. Bc3 exd4 27. exd4 Ra8 28. Qa4 Rxa6 29. Bxa6 Qa8 30. Bb5 Qxa4 31. Bxa4 Nb8 32. Ba5 Nfd7 33. Bc7 Na6 34. Ba5 Ndb8 35. Nb3 Bf6 36. Bd2 Kf8 37. Kf1 Ke8 38. Ke2 Kd7 39. h4 Nc7 40. Bf4 Nba6 41. Be3 Nb5 42. Bxb5 cxb5 43. Bg5 Bxg5 44. hxg5 Nc7 45. Ke3 Ne6 46. f4 f6 47. gxf6 gxf6 48. Kd3 b4 49. Nd2 Kc6 50. Nf3 Kb5 51. Nh4 b3 52. f5 Nxd4 0-1

[Event "NATO-ch 28th"]
[Site "Budapest"]
[Date "2017.03.29"]
[Round "4"]
[White "Kedzierski, Slawomir"]
[Black "Pedersen, Finn"]
[Result "0-1"]
[WhiteElo "2148"]
[BlackElo "2295"]
[PlyCount "118"]
[EventDate "2017.03.27"]
[EventType "swiss"]
[EventRounds "7"]
[EventCountry "HUN"]
[SourceTitle "CBM 177 Extra"]
[Source "ChessBase"]
[SourceDate "2017.04.27"]
[SourceVersion "1"]
[SourceVersionDate "2017.04.27"]
[SourceQuality "1"]

1. d4 d5 2. Nf3 Bf5 3. c4 e6 4. Qb3 Nc6 5. e3 Nb4 6. Na3 c6 7. Be2 a5 8. 0-0 a4 9. Qd1 Be7 10. cxd5 exd5 11. Bd2 Qb6 12. Bc3 h6 13. Ne5 Nf6 14. Nd3 0-0 15. Nxb4 Bxb4 16. Bxb4 Qxb4 17. Qc1 Rfe8 18. Rd1 Qd6 19. Qd2 Ne4 20. Qe1 Re6 21. Nb1 Rg6 22. Kh1 Qf6 23. f3 Qg5 24. Qg1 Nd6 25. Nd2 Re8 26. Nf1 Bh3 27. Ng3 Bd7 28. Bd3 f5 29. f4 Qh4 30. Qf2 Rge6 31. Re1 g6 32. Kg1 Qe7 33. Nf1 b6 34. b3 c5 35. Rec1 cxd4 36. exd4 Ne4 37. Bxe4 Rxe4 38. Rc7 Qd6 39. Rac1 R8e7 40. g3 Re2 41. Qf3 a3 42. R7c2 R2e4 43. Qc3 Bb5 44. Nd2 Re3 45. Qc8+ Re8 46. Qc7 Qe6 47. Nf1 Re4 48. Rd2 Bxf1 49. Rxf1 Rxd4 50. Rxd4 Qe3+ 51. Kg2 Qxd4 52. Kh3 Qf6 53. Rc1 g5 54. fxg5 Qxg5 55. Rc2 Qg4+ 56. Kg2 Qe4+ 57. Kh3 f4 58. gxf4 Qf3+ 59. Kh4 Rf8 0-1

[Event "NATO-ch 28th"]
[Site "Budapest"]
[Date "2017.03.27"]
[Round "1"]
[White "Pedersen, Finn"]
[Black "Bublys, Vaidotas"]
[Result "1/2-1/2"]
[WhiteElo "2295"]
[BlackElo "1905"]
[PlyCount "89"]
[EventDate "2017.03.27"]
[EventType "swiss"]
[EventRounds "7"]
[EventCountry "HUN"]
[SourceTitle "CBM 177 Extra"]
[Source "ChessBase"]
[SourceDate "2017.04.27"]
[SourceVersion "1"]
[SourceVersionDate "2017.04.27"]
[SourceQuality "1"]

1. d4 d5 2. Nf3 e6 3. Bg5 Be7 4. Bxe7 Nxe7 5. Nbd2 b6 6. e4 dxe4 7. Nxe4 Bb7 8. Bd3 Nbc6 9. c3 Nd5 10. 0-0 Nf6 11. Qc2 g6 12. Rfe1 0-0 13. Rad1 Qe7 14. Qc1 Kg7 15. Qf4 Nd5 16. Qg3 Rae8 17. c4 Nf6 18. Nxf6 Qxf6 19. Qxc7 Re7 20. Qg3 Rd8 21. Be4 Nxd4 22. Nxd4 Rxd4 23. Rxd4 Qxd4 24. Bxb7 Rxb7 25. b3 Rd7 26. h4 Qf6 27. a4 h5 28. Qe5 Qxe5 29. Rxe5 Rd1+ 30. Kh2 Rd3 31. Rb5 Kf6 32. g3 e5 33. Kg2 Ke6 34. Kf1 f6 35. Ke2 e4 36. c5 bxc5 37. Rxc5 Rxb3 38. Ra5 Ra3 39. Rxa7 Kf5 40. Ra5+ Kg4 41. Ra6 Kf5 42. a5 Ra2+ 43. Ke3 Ra3+ 44. Ke2 Ra2+ 45. Ke3 1/2-1/2

[Event "NATO-ch 26th"]
[Site "Amsterdam"]
[Date "2015.07.10"]
[Round "7.2"]
[White "Pedersen, Finn"]
[Black "Wantiez, Fabrice"]
[Result "1/2-1/2"]
[WhiteElo "2247"]
[BlackElo "2320"]
[PlyCount "101"]
[EventDate "2015.07.06"]
[EventType "swiss"]
[EventRounds "7"]
[EventCountry "NED"]
[SourceTitle "EXT 2016"]
[Source "ChessBase"]
[SourceDate "2015.10.08"]
[SourceVersion "1"]
[SourceVersionDate "2015.10.08"]
[SourceQuality "1"]
[WhiteTeam "Denmark"]
[BlackTeam "Belgium"]
[WhiteTeamCountry "DEN"]
[BlackTeamCountry "BEL"]

1. d4 Nf6 2. Nf3 g6 3. Bf4 Bg7 4. Nbd2 0-0 5. c3 d6 6. h3 Nc6 7. e4 h6 8. Be2 e5 9. dxe5 Nh5 10. Be3 dxe5 11. g3 Qe7 12. Qc2 Kh7 13. Nh4 Nf4 14. gxf4 exf4 15. Bxf4 Qxh4 16. Bxc7 Qe7 17. Bh2 Be6 18. 0-0-0 Rfc8 19. Nc4 Nb4 20. Qb3 Nxa2+ 21. Qxa2 b5 22. Qa3 b4 23. Qa6 Qc5 24. Bd6 Bxc4 25. Bxc5 Bxa6 26. Bxa6 Rxc5 27. Rd5 Rxd5 28. exd5 bxc3 29. bxc3 Bxc3 30. d6 Bd4 31. d7 Rd8 32. Bb5 Bxf2 33. Rf1 Be3+ 34. Kc2 Kg7 35. Re1 Bb6 36. Re8 f5 37. Kd3 Kf6 38. Ke2 g5 39. Kf3 h5 40. Kg2 Bc7 41. Bc6 g4 42. hxg4 fxg4 43. Kf2 h4 44. Ke3 h3 45. Rxd8 Bxd8 46. Kf4 h2 47. Kxg4 Bc7 48. Kh3 Ke7 49. Kg2 Kd6 50. Ba4 Ke7 51. Kh1 1/2-1/2